Datum a čas kvízu
21
Celkem bodů
Celkový počet nahraných bodů na tomto kvízu bez doplňovacích otázek.
10.
Pořadí na kvízu
Konečné umístění týmu na tomto kvízu.
Zaznamenané odpovědi
| # | Otázka | Odpověď | Body | Výsledky |
|---|---|---|---|---|
| 1. | Minulý týden ve čtvrtek dorazi... | FBI | 1 | |
| 2. | Bývalý předseda vlády jedné ev... | Rakousko, Sebastian Kurz | 0 | |
| 3. | V úterý jsme se dozvěděli, že... | Blade Runner | 0 | |
| 4. | Japonští vědci minulý týden oz... | ze dřeva | 0 | |
| 5. | Jeden teprve osmnáctiletý česk... | Jakub Menšík, Katar | 0.5 | |
| 6. | Součástí televizního programu... | Hodina pravdy | 0 | |
| 7. | Milovníkům AZ-kvízu či zábavný... | pěstební dělnice | 0 | |
| 8. | Napište název televizní soutěž... | Kufr | 1 | |
| 9. | V dnešní době je velmi populár... | čtyřikrát | 1 | |
| 10. | Kdo z uvedených nikdy nemodero... | D | 0 |